[Event "Rated Blitz game"]
[Site "?"]
[Date "2021.02.01"]
[Round "?"]
[White "Nmayorga92"]
[Black "PawnTheSilentHero"]
[Result "1-0"]
[WhiteElo "2403"]
[BlackElo "2357"]
[PlyCount "49"]
[EventDate "2021.??.??"]
[EventType "blitz"]

1. e4 e5 2. Nf3 d5 3. exd5 e4 4. Ne5 Bd6 5. Bb5+ c6 6. dxc6 bxc6 7. Nxc6 Qb6 8.
Nd4+ Nd7 9. c3 Ngf6 10. Na3 Bxa3 11. bxa3 O-O 12. a4 a6 13. Be2 Ne5 14. Ba3 Re8
15. O-O Qd8 16. Rb1 Bg4 17. h3 Bxe2 18. Qxe2 Nd3 19. Rb7 Nd5 20. Rfb1 Qh4 21.
Nf5 Qg5 22. Nd6 N5f4 23. Qg4 Qxg4 24. hxg4 Re6 25. Nxf7 {Normal} 1-0

[Event "Rated Blitz tournament zpj321TD"]
[Site "?"]
[Date "2021.02.01"]
[Round "?"]
[White "SchmidtBKD"]
[Black "Bis_Kecil_BKD"]
[Result "0-1"]
[WhiteElo "2358"]
[BlackElo "2403"]
[PlyCount "60"]
[EventDate "2021.??.??"]
[EventType "blitz"]

1. e4 e5 2. Nf3 d5 3. Nxe5 dxe4 4. d4 Nd7 5. Nxd7 Bxd7 6. Bc4 Nf6 7. Nc3 Bb4 8.
O-O Bxc3 9. bxc3 O-O 10. h3 h6 11. Rb1 b6 12. Re1 Re8 13. Bf4 Be6 14. Bb5 Re7
15. Bc6 Rb8 16. a4 Bd7 17. Bxd7 Qxd7 18. Be5 Nd5 19. Qd2 Qxa4 20. Ra1 Qc4 21.
Rxa7 Rbe8 22. Ra3 f6 23. Bg3 e3 24. fxe3 Rxe3 25. Rxe3 Rxe3 26. Kh2 Qf1 27.
Ra8+ Kh7 28. c4 Qxc4 29. Rd8 Re2 30. Qd1 Rxg2+ {Normal} 0-1

[Event "Rated Blitz game"]
[Site "?"]
[Date "2021.02.01"]
[Round "?"]
[White "JHeircount64"]
[Black "Mettigel"]
[Result "1/2-1/2"]
[WhiteElo "2347"]
[BlackElo "2410"]
[PlyCount "86"]
[EventDate "2021.??.??"]
[EventType "blitz"]

1. e4 e5 2. Nf3 d5 3. exd5 Bd6 4. c4 Nf6 5. Nc3 e4 6. Ng5 Qe7 7. c5 Bxc5 8.
Ngxe4 Nxe4 9. Qa4+ Bd7 10. Qxe4 O-O 11. Qxe7 Bxe7 12. Bc4 a6 13. a4 Bf5 14. O-O
Nd7 15. d4 Bf6 16. Be3 Rad8 17. a5 Rfe8 18. Rfd1 Be7 19. h3 h5 20. Bf4 Bd6 21.
Bxd6 cxd6 22. Rd2 Kf8 23. Ra4 Nf6 24. Rb4 Re1+ 25. Kh2 Rd7 26. Na4 h4 27. Nb6
Rc7 28. Bd3 Bxd3 29. Rxd3 Re2 30. Rf3 Rcc2 31. Nc4 Rxf2 32. Rxf2 Rxf2 33. Nxd6
Nxd5 34. Rxb7 Ne3 35. b4 Rxg2+ 36. Kh1 Rf2 37. b5 axb5 38. a6 Rf1+ 39. Kh2 Rf2+
40. Kg1 Rf1+ 41. Kh2 Rf2+ 42. Kg1 Rf1+ 43. Kh2 Rf2+ {Normal} 1/2-1/2

[Event "Rated Rapid game"]
[Site "?"]
[Date "2021.02.01"]
[Round "?"]
[White "DenianCXI2"]
[Black "AydinNasir"]
[Result "0-1"]
[WhiteElo "2326"]
[BlackElo "2487"]
[PlyCount "50"]
[EventDate "2021.??.??"]
[EventType "rapid"]

1. e4 e5 2. Nf3 d5 3. Nxe5 Bd6 4. d4 dxe4 5. Nc4 Be7 6. Be2 Nf6 7. O-O O-O 8.
Bg5 Nc6 9. c3 Nd5 10. Bxe7 Ncxe7 11. Nbd2 f5 12. Ne3 c6 13. g3 f4 14. Nxd5 cxd5
15. Bg4 f3 16. Bxc8 Qxc8 17. Kh1 Qh3 18. Rg1 Rf6 19. Qf1 Qg4 20. Qb5 Rb6 21.
Qc5 Kf7 22. Rab1 Rc8 23. Qa5 Rh6 24. Nf1 e3 25. Nxe3 Rxh2+ {Normal} 0-1

[Event "Rated Blitz game"]
[Site "?"]
[Date "2021.02.01"]
[Round "?"]
[White "XXIstCentury"]
[Black "bobo06"]
[Result "1-0"]
[WhiteElo "2418"]
[BlackElo "2248"]
[PlyCount "31"]
[EventDate "2021.??.??"]
[EventType "blitz"]

1. e4 e5 2. Nf3 d5 3. exd5 e4 4. Qe2 Qxd5 5. Nc3 Qe6 6. Ng5 Qe5 7. d4 Qxd4 8.
Be3 Qe5 9. O-O-O f5 10. Rd8+ Ke7 11. Qc4 f4 12. Qf7+ Kxd8 13. Qxf8+ Kd7 14.
Bb5+ c6 15. Rd1+ Kc7 16. Qd8# {Normal} 1-0

[Event "Rated Blitz game"]
[Site "?"]
[Date "2021.02.01"]
[Round "?"]
[White "Lunaticxxx"]
[Black "Fantastic_power06"]
[Result "1/2-1/2"]
[WhiteElo "2833"]
[BlackElo "2603"]
[PlyCount "145"]
[EventDate "2021.??.??"]
[EventType "blitz"]

1. e4 e5 2. Nf3 d5 3. Nxe5 Bd6 4. d4 dxe4 5. Nc4 Nc6 6. Nc3 Bb4 7. Be3 Nf6 8.
Be2 Nd5 9. Qd2 f5 10. Bg5 Be7 11. Bxe7 Ncxe7 12. Ne5 O-O 13. O-O-O Be6 14. h4
Qd6 15. Kb1 Nxc3+ 16. Qxc3 Nd5 17. Qg3 f4 18. Qh2 Qb6 19. Ka1 Qa5 20. a3 Nc3
21. Rde1 Nxe2 22. Rxe2 Qd5 23. c4 Qxd4 24. Rhe1 Rae8 25. Rxe4 Qxf2 26. R1e2
Qf1+ 27. Re1 Qf2 28. R1e2 Qc5 29. Nd3 Qd6 30. Nxf4 Bxc4 31. Rxc4 Rxe2 32. Qg3
Ree8 33. Qb3 Kh8 34. Nd3 Rd8 35. Rc3 Rf1+ 36. Nc1 Qh6 37. Qc2 Rdd1 38. Kb1
Rxc1+ 39. Qxc1 Rxc1+ 40. Rxc1 Qxc1+ 41. Kxc1 Kg8 42. Kd2 Kf7 43. Ke3 Ke6 44.
Ke4 c6 45. g4 Kf6 46. Kd4 Ke6 47. Kc5 Kd7 48. a4 Kc7 49. a5 b6+ 50. Kb4 Kd6 51.
a6 Kd5 52. Kc3 c5 53. Kd3 b5 54. Kc3 c4 55. Kb4 Kc6 56. Kc3 Kb6 57. Kd4 Kxa6
58. Kc5 Ka5 59. g5 Ka4 60. h5 Kb3 61. g6 hxg6 62. hxg6 Kxb2 63. Kd6 c3 64. Ke6
c2 65. Kf7 c1=Q 66. Kxg7 Qg5 67. Kh7 Qxg6+ 68. Kxg6 b4 69. Kf6 b3 70. Ke6 Kc2
71. Kf5 b2 72. Ke5 Kc1 73. Kf5 {Time forfeit} 1/2-1/2

[Event "Rated Blitz game"]
[Site "?"]
[Date "2021.02.01"]
[Round "?"]
[White "khojayan-vardan"]
[Black "Jomajo"]
[Result "1/2-1/2"]
[WhiteElo "2413"]
[BlackElo "2580"]
[PlyCount "154"]
[EventDate "2021.??.??"]
[EventType "blitz"]

1. e4 e5 2. Nf3 d5 3. exd5 e4 4. Qe2 Qe7 5. Nd4 Nf6 6. Nc3 Qe5 7. Nb3 Nbd7 8.
d4 exd3 9. Qxe5+ Nxe5 10. Bf4 Ng6 11. Bxc7 dxc2 12. Bb5+ Bd7 13. O-O Bxb5 14.
Nxb5 Kd7 15. d6 a6 16. N5d4 Bxd6 17. Bxd6 Kxd6 18. Rac1 Rac8 19. Nf5+ Kd7 20.
Nbd4 Ne5 21. Nxg7 Rc4 22. Ngf5 Rhc8 23. b3 Rc3 24. Ne3 Ne4 25. Rxc2 Rxc2 26.
Ndxc2 Nc3 27. a4 Nd3 28. Ra1 Ke6 29. f3 Kf6 30. a5 h5 31. Nc4 Re8 32. Nd4 Rd8
33. Nc2 Re8 34. Nd4 Rd8 35. Nc2 Rd5 36. g3 Rb5 37. Nd4 Rd5 38. Nc2 Nc5 39. Re1
Rd3 40. Re3 Rxe3 41. N2xe3 Nxb3 42. h4 Nd4 43. Kg2 Nc6 44. g4 Kg6 45. Kg3 Ne2+
46. Kf2 Nf4 47. Nf5 Nd5 48. Nfd6 Nxa5 49. Ne5+ Kf6 50. Ndxf7 Nb3 51. g5+ Kf5
52. Nd3 a5 53. Nd6+ Ke6 54. Nxb7 a4 55. Nbc5+ Kf5 56. Nxa4 Nd4 57. Nac5 Nc3 58.
Nd7 Nd1+ 59. Kg3 Ne2+ 60. Kg2 Nd4 61. Nf6 Ne6 62. Nxh5 Ne3+ 63. Kf2 Nd5 64.
Ng3+ Kg6 65. h5+ Kxg5 66. f4+ Nexf4 67. Ne4+ Kf5 68. Nxf4 Kxf4 69. h6 Ne7 70.
h7 Ng6 71. Nf6 Kg5 72. Ng8 Kf5 73. Kf3 Kg5 74. Ke4 Nh8 75. Kd5 Kg6 76. Ke6 Kxh7
77. Kf6 Kxg8 {Normal} 1/2-1/2

[Event "Rated Blitz game"]
[Site "?"]
[Date "2021.02.01"]
[Round "?"]
[White "Nmayorga92"]
[Black "Jomajo"]
[Result "0-1"]
[WhiteElo "2403"]
[BlackElo "2593"]
[PlyCount "122"]
[EventDate "2021.??.??"]
[EventType "blitz"]

1. e4 e5 2. Nf3 d5 3. exd5 e4 4. Ne5 Qxd5 5. d4 exd3 6. Nxd3 Nf6 7. Nc3 Qa5 8.
Bd2 Bd6 9. Be2 O-O 10. Nf4 Qf5 11. Bd3 Re8+ 12. Nce2 Qe5 13. O-O Nc6 14. Bc3
Qg5 15. g3 Ne5 16. Nd4 Nfg4 17. h4 Qh6 18. Nf5 Qf6 19. Qxg4 Nxg4 20. Bxf6 Nxf6
21. Nxd6 cxd6 22. Rfe1 Bd7 23. Bc4 Bc6 24. Rad1 Rad8 25. Rxe8+ Nxe8 26. Nd5 Kf8
27. f4 b5 28. Bb3 a5 29. a3 h5 30. Kf2 g6 31. Ne3 Nf6 32. Bd5 Bd7 33. Bf3 Be6
34. Rd4 Ke7 35. c3 Rb8 36. Bd5 Nd7 37. Bxe6 fxe6 38. Kf3 Nb6 39. b3 Nd7 40. b4
axb4 41. axb4 Nb6 42. Re4 Kf6 43. Rd4 d5 44. Nd1 Rc8 45. Ke3 Na4 46. Kd3 Nb2+
47. Nxb2 Ra8 48. Kc2 Ra1 49. Rd1 Ra8 50. Kb3 Kf5 51. Nd3 Kg4 52. Rg1 Kf5 53.
Ne5 Rc8 54. Rb1 Ra8 55. Re1 d4 56. Nd7 d3 57. Re5+ Kg4 58. Rg5+ Kf3 59. Ne5+
Ke2 60. Nxd3 Kxd3 61. Re5 Ra6 {Time forfeit} 0-1

[Event "Rated Blitz game"]
[Site "?"]
[Date "2021.02.01"]
[Round "?"]
[White "Schunaizel"]
[Black "shae11"]
[Result "0-1"]
[WhiteElo "2462"]
[BlackElo "2558"]
[PlyCount "92"]
[EventDate "2021.??.??"]
[EventType "blitz"]

1. e4 e5 2. Nf3 d5 3. Nxe5 Bd6 4. d4 dxe4 5. Bc4 Bxe5 6. Qh5 Qe7 7. Qxe5 Qxe5
8. dxe5 Nc6 9. Bf4 Nge7 10. e6 Bxe6 11. Bxe6 fxe6 12. Nc3 Nd5 13. Bd2 e3 14.
fxe3 O-O-O 15. Ke2 Ne5 16. b3 Rd7 17. Ne4 Rhd8 18. Rad1 b6 19. Rhf1 Ng4 20. Rf3
Ngf6 21. Nxf6 gxf6 22. Rff1 f5 23. c4 Nf6 24. Bc3 Rxd1 25. Rxd1 Rxd1 26. Kxd1
Ng4 27. Ke2 Nxh2 28. Be5 Ng4 29. Bb2 Kd7 30. Kf3 e5 31. e4 Ke6 32. exf5+ Kxf5
33. Ba3 c5 34. Bc1 e4+ 35. Ke2 h5 36. g3 Ne5 37. Bf4 Nd3 38. Bb8 a6 39. Ke3 b5
40. cxb5 axb5 41. a4 bxa4 42. bxa4 c4 43. Kd4 Nb4 44. Bf4 Nc6+ 45. Kxc4 h4 46.
Kd5 h3 {Time forfeit} 0-1

[Event "Rated Blitz game"]
[Site "?"]
[Date "2021.02.01"]
[Round "?"]
[White "ragabove"]
[Black "Fantastic_power06"]
[Result "0-1"]
[WhiteElo "2460"]
[BlackElo "2608"]
[PlyCount "60"]
[EventDate "2021.??.??"]
[EventType "blitz"]

1. e4 e5 2. Nf3 d5 3. d4 dxe4 4. Nxe5 Bd6 5. Bc4 Bxe5 6. Qh5 Qe7 7. dxe5 Be6 8.
Bb3 Bxb3 9. axb3 Nc6 10. Nc3 O-O-O 11. O-O Nxe5 12. Rxa7 Kb8 13. Bg5 Nf6 14.
Rfa1 c6 15. Qe2 Rhe8 16. Bf4 g5 17. Bg3 h5 18. h3 h4 19. Bh2 g4 20. hxg4 Kc8
21. g5 Nfg4 22. Bf4 h3 23. Qxe4 Qc5 24. Qf5+ Re6 25. Ra8+ Kc7 26. Qxf7+ Rd7 27.
Bxe5+ Qxe5 28. Rc8+ Kxc8 29. Qf8+ Kc7 30. g3 Qe1+ {Normal} 0-1

[Event "Rated Blitz game"]
[Site "?"]
[Date "2021.02.01"]
[Round "?"]
[White "Schacher97"]
[Black "JoNzKi76"]
[Result "1/2-1/2"]
[WhiteElo "2301"]
[BlackElo "2401"]
[PlyCount "80"]
[EventDate "2021.??.??"]
[EventType "blitz"]

1. e4 e5 2. Nf3 d5 3. Nxe5 dxe4 4. Bc4 Qg5 5. Bxf7+ Ke7 6. d4 Qxg2 7. Rf1 Nc6
8. Bc4 Nf6 9. Nc3 Bh3 10. b3 Qxh2 11. Ba3+ Ke8 12. Bxf8 Rxf8 13. Nb5 Rc8 14.
Nxc6 bxc6 15. Nxa7 Ra8 16. Nxc6 Bxf1 17. Bxf1 Ng4 18. Qxg4 Qxf2+ 19. Kd1 Qxf1+
20. Kd2 Rf2+ 21. Ke3 Rf3+ 22. Kxe4 Qe2+ 23. Kd5 g6 24. Re1 Qxe1 25. Qxf3 Ra6
26. Qf6 Rxc6 27. Qxc6+ Kd8 28. Qf6+ Kc8 29. Qh8+ Kb7 30. Qxh7 Qa5+ 31. Ke4 Qxa2
32. Kd3 Qa6+ 33. c4 Qf6 34. d5 Qf3+ 35. Kd4 Qxb3 36. Qxg6 Qb2+ 37. Ke3 Qc1+ 38.
Kd4 Qb2+ 39. Ke3 Qc1+ 40. Kd4 Qb2+ {Normal} 1/2-1/2

[Event "Rated Blitz game"]
[Site "?"]
[Date "2021.01.31"]
[Round "?"]
[White "Plattfuss"]
[Black "Jomajo"]
[Result "1-0"]
[WhiteElo "2433"]
[BlackElo "2568"]
[PlyCount "65"]
[EventDate "2021.??.??"]
[EventType "blitz"]

1. e4 e5 2. Nf3 d5 3. exd5 e4 4. Qe2 Qe7 5. Nd4 Nf6 6. Nc3 Qe5 7. Nf3 Qe7 8.
Ng5 Bf5 9. Qb5+ Nbd7 10. Qxb7 Rb8 11. Qxc7 h6 12. Nh3 g5 13. Bb5 Qd6 14. Qxd6
Bxd6 15. d3 exd3 16. Bxd3 Bxd3 17. cxd3 O-O 18. O-O Ne5 19. Rd1 Ng6 20. Ne4 Be5
21. Nxf6+ Bxf6 22. Rb1 Rfd8 23. Be3 a6 24. b3 Rxd5 25. f3 Rbd8 26. Nf2 Ne5 27.
Kf1 Nc6 28. b4 Nd4 29. Bxd4 Bxd4 30. a4 f5 31. b5 axb5 32. Rxb5 Rb8 33. Rxd5 {
Normal} 1-0

[Event "Rated Blitz game"]
[Site "?"]
[Date "2021.01.31"]
[Round "?"]
[White "Plattfuss"]
[Black "Jomajo"]
[Result "1-0"]
[WhiteElo "2450"]
[BlackElo "2551"]
[PlyCount "69"]
[EventDate "2021.??.??"]
[EventType "blitz"]

1. e4 e5 2. Nf3 d5 3. exd5 e4 4. Qe2 Qe7 5. Nd4 Nf6 6. Nc3 Qe5 7. Nf3 Qe7 8.
Nd4 Qe5 9. Nf3 Qe7 10. Ng5 c6 11. Ngxe4 cxd5 12. Nxf6+ gxf6 13. Nxd5 Qxe2+ 14.
Bxe2 Kd8 15. d4 Nc6 16. c3 f5 17. O-O Be6 18. Nf4 Ne7 19. Bf3 Kc7 20. Re1 Bd7
21. Nd5+ Nxd5 22. Bxd5 f6 23. Bf4+ Kb6 24. Be6 Bc6 25. d5 Bb5 26. b3 Rd8 27. c4
Bd7 28. Bxd7 Rxd7 29. Re6+ Kc5 30. Rae1 Bg7 31. Kf1 a6 32. Ke2 Kb4 33. Kd3 Rhd8
34. Rb6+ Ka3 35. Re2 {Normal} 1-0

[Event "Rated Blitz game"]
[Site "?"]
[Date "2021.01.31"]
[Round "?"]
[White "DuccDuccDucc"]
[Black "PawnTheSilentHero"]
[Result "1-0"]
[WhiteElo "2549"]
[BlackElo "2450"]
[PlyCount "53"]
[EventDate "2021.??.??"]
[EventType "blitz"]

1. e4 e5 2. Nf3 d5 3. d4 dxe4 4. Nxe5 Bd6 5. Nc4 Be7 6. Be2 Nf6 7. O-O O-O 8.
Nc3 Nc6 9. d5 Nb4 10. Ne3 Re8 11. a3 Na6 12. Nc4 Bf5 13. Be3 Nc5 14. Qd2 a6 15.
Rad1 Bd6 16. Nxd6 cxd6 17. Bxc5 dxc5 18. d6 Qd7 19. Qf4 Bg6 20. Rfe1 Re6 21.
Bc4 Ree8 22. a4 Rac8 23. a5 Rc6 24. Bb3 Nh5 25. Qg5 Rxd6 26. Ba4 Rxd1 27. Rxd1
{Normal} 1-0

[Event "Rated Blitz game"]
[Site "?"]
[Date "2021.01.31"]
[Round "?"]
[White "korbul"]
[Black "Tayota"]
[Result "0-1"]
[WhiteElo "2474"]
[BlackElo "2383"]
[PlyCount "60"]
[EventDate "2021.??.??"]
[EventType "blitz"]

1. e4 e5 2. Nf3 d5 3. exd5 e4 4. Qe2 f5 5. Ne5 Nf6 6. d4 Bd6 7. c4 b6 8. Nc3
O-O 9. Bf4 Nbd7 10. Nxd7 Bxd7 11. Bxd6 cxd6 12. O-O-O Rc8 13. Kb1 a6 14. h3 b5
15. cxb5 axb5 16. Nxb5 Bxb5 17. Qxb5 Rb8 18. Qc4 Qb6 19. Rd2 Rfc8 20. Qa4 Ra8
21. Qb3 Qa5 22. Rd1 Rcb8 23. Bc4 Rxb3 24. Bxb3 Nxd5 25. g4 fxg4 26. hxg4 Kh8
27. Rh5 g5 28. Rxg5 Nc3+ 29. bxc3 Qxg5 30. Rg1 Qd2 {Normal} 0-1

[Event "Rated Blitz game"]
[Site "?"]
[Date "2021.01.31"]
[Round "?"]
[White "haychesspoker"]
[Black "EnesYusufKamis34"]
[Result "0-1"]
[WhiteElo "2409"]
[BlackElo "2310"]
[PlyCount "50"]
[EventDate "2021.??.??"]
[EventType "blitz"]

1. e4 e5 2. Nf3 d5 3. exd5 e4 4. Qe2 Nf6 5. d3 Bb4+ 6. Bd2 O-O 7. Bxb4 exf3 8.
Qxf3 Re8+ 9. Be2 Bg4 10. Qe3 Rxe3 11. fxe3 Bxe2 12. Kxe2 Nxd5 13. Bd2 Nc6 14.
Nc3 Nxc3+ 15. bxc3 Qg5 16. Rhg1 Re8 17. Raf1 Qh5+ 18. Kf2 Qxh2 19. Rh1 Qd6 20.
Rh3 Qa3 21. Rfh1 h6 22. e4 Qxa2 23. Bxh6 Qxc2+ 24. Ke3 gxh6 25. Rxh6 Qxc3 {
Normal} 0-1

[Event "Rated Blitz tournament LH09J3uN"]
[Site "?"]
[Date "2021.01.31"]
[Round "?"]
[White "Xaralampos_al"]
[Black "Henrik_95"]
[Result "1-0"]
[WhiteElo "2415"]
[BlackElo "2414"]
[PlyCount "35"]
[EventDate "2021.??.??"]
[EventType "blitz"]

1. e4 e5 2. Nf3 d5 3. exd5 e4 4. Qe2 Nf6 5. d3 Qxd5 6. Nbd2 Nc6 7. dxe4 Qh5 8.
Qb5 Bc5 9. Nb3 Nxe4 10. Be3 Bb4+ 11. c3 Qxb5 12. Bxb5 Bd6 13. Na5 Bd7 14. Nxb7
O-O 15. O-O-O Rab8 16. Nxd6 Nxd6 17. Ba4 Bg4 18. Bxc6 {Normal} 1-0

[Event "Rated Blitz game"]
[Site "?"]
[Date "2021.01.31"]
[Round "?"]
[White "Kabeljaukrieger"]
[Black "Schachelite"]
[Result "0-1"]
[WhiteElo "2495"]
[BlackElo "2372"]
[PlyCount "74"]
[EventDate "2021.??.??"]
[EventType "blitz"]

1. e4 e5 2. Nf3 d5 3. d3 dxe4 4. dxe4 Qxd1+ 5. Kxd1 Bg4 6. Be3 Nf6 7. Nbd2 Nbd7
8. h3 Bh5 9. g4 Bg6 10. Bd3 O-O-O 11. Nh4 Bc5 12. Ke2 Bxe3 13. Kxe3 Nc5 14. Nc4
Bxe4 15. Bxe4 Nfxe4 16. b4 Ne6 17. Nxe5 Nd6 18. Nf5 Rhe8 19. f4 f6 20. Nxd6+
Rxd6 21. Nd3 Nc5+ 22. Kd2 Nxd3 23. cxd3 Rd4 24. Rhe1 Kd7 25. Rxe8 Kxe8 26. Re1+
Kd7 27. Re4 Rxe4 28. dxe4 Kd6 29. Kd3 c5 30. b5 a6 31. a4 axb5 32. axb5 b6 33.
Kc4 g5 34. e5+ fxe5 35. fxg5 e4 36. h4 Ke5 37. Kc3 Kf4 {Normal} 0-1

[Event "Rated Blitz tournament LH09J3uN"]
[Site "?"]
[Date "2021.01.31"]
[Round "?"]
[White "Amadeus69"]
[Black "Henrik_95"]
[Result "1-0"]
[WhiteElo "2649"]
[BlackElo "2408"]
[PlyCount "31"]
[EventDate "2021.??.??"]
[EventType "blitz"]

1. e4 e5 2. Nf3 d5 3. exd5 e4 4. Qe2 Nf6 5. Nc3 Be7 6. Nxe4 Nxd5 7. Qd1 O-O 8.
Be2 Nc6 9. d4 Bf5 10. Ng3 Bg6 11. c3 Qd7 12. O-O h5 13. h4 Rae8 14. Ng5 Bxg5
15. Bxg5 f6 16. Bd2 {Normal} 1-0

[Event "Rated Blitz game"]
[Site "?"]
[Date "2021.01.31"]
[Round "?"]
[White "Grandstodge"]
[Black "revolz"]
[Result "1-0"]
[WhiteElo "2437"]
[BlackElo "2311"]
[PlyCount "141"]
[EventDate "2021.??.??"]
[EventType "blitz"]

1. e4 e5 2. Nf3 d5 3. exd5 Qxd5 4. Nc3 Qe6 5. b3 Nc6 6. Bc4 Qe7 7. h3 Be6 8.
Bxe6 Qxe6 9. O-O O-O-O 10. Re1 f6 11. Bb2 Bc5 12. Na4 Bb6 13. Nxb6+ cxb6 14. a4
Qd5 15. d3 Nh6 16. Nd2 Nf5 17. Qf3 Qxf3 18. Nxf3 Nfd4 19. Bxd4 Nxd4 20. Nxd4
Rxd4 21. Re3 Kd7 22. Rae1 Rc8 23. R1e2 Rc3 24. Kf1 Rd5 25. Ke1 a5 26. f4 Kd6
27. Kd2 Rc7 28. fxe5+ fxe5 29. Re4 Rf7 30. Rh4 h6 31. Rg4 g5 32. h4 Rf5 33. Ke3
Rf4 34. Rxf4 exf4+ 35. Kf3 Re5 36. Rd2 Re3+ 37. Kg4 Ke5 38. d4+ Kf6 39. Kh5
gxh4 40. Kxh4 Ke6 41. Kg4 Kd5 42. Kxf4 Re4+ 43. Kf5 Re8 44. Kg6 Re6+ 45. Kh5
Rc6 46. c4+ Ke4 47. d5 Rd6 48. Kg4 Ke3 49. Rd1 Ke2 50. Rd4 Ke3 51. Rf4 Rg6+ 52.
Kf5 Rxg2 53. Re4+ Kf3 54. Re7 Rd2 55. Ke6 h5 56. d6 h4 57. Rh7 Kg3 58. d7 h3
59. Ke7 Re2+ 60. Kd6 Rd2+ 61. Kc7 h2 62. d8=Q Rxd8 63. Kxd8 Kf3 64. Rxh2 Ke3
65. Rh3+ Kd4 66. Kc7 b5 67. cxb5 Kc5 68. Kxb7 Kb4 69. b6 Kc5 70. Rh4 Kd6 71.
Ka6 {Time forfeit} 1-0

[Event "Rated Blitz game"]
[Site "?"]
[Date "2021.01.31"]
[Round "?"]
[White "haychesspoker"]
[Black "EnesYusufKamis34"]
[Result "0-1"]
[WhiteElo "2406"]
[BlackElo "2313"]
[PlyCount "54"]
[EventDate "2021.??.??"]
[EventType "blitz"]

1. e4 e5 2. Nf3 d5 3. exd5 e4 4. Qe2 Nf6 5. d3 Bb4+ 6. c3 O-O 7. dxe4 Bc5 8.
Bg5 Nbd7 9. Nbd2 h6 10. Be3 Re8 11. Qc4 Bxe3 12. fxe3 Ng4 13. Qd4 Ndf6 14. h3
Nxe3 15. Qxe3 Nxd5 16. Qf2 Nf4 17. O-O-O Be6 18. Nd4 Qg5 19. g3 Ng6 20. Nxe6
Rxe6 21. Bc4 Rf6 22. Qd4 Qxg3 23. Nb3 Rd6 24. Qc5 Qf4+ 25. Kb1 Qxe4+ 26. Ka1
Rad8 27. Rxd6 Qxh1+ {Normal} 0-1

[Event "Rated Blitz tournament qnwQ589D"]
[Site "?"]
[Date "2021.01.31"]
[Round "?"]
[White "VladimirSakun"]
[Black "KappaGolden"]
[Result "1-0"]
[WhiteElo "2509"]
[BlackElo "2270"]
[PlyCount "61"]
[EventDate "2021.??.??"]
[EventType "blitz"]

1. e4 e5 2. Nf3 d5 3. exd5 e4 4. Qe2 Nf6 5. Nc3 Be7 6. Nxe4 Nxd5 7. d4 O-O 8.
Bd2 Re8 9. O-O-O f5 10. Nc3 Nxc3 11. Bxc3 Bg5+ 12. Nxg5 Rxe2 13. h4 Re7 14.
Bc4+ Kh8 15. Rhe1 h6 16. Nf7+ Rxf7 17. Bxf7 Bd7 18. h5 Na6 19. d5 Nc5 20. f3
Qg5+ 21. Kb1 Rf8 22. Bg6 b5 23. Bb4 Qxg2 24. Bxc5 Rb8 25. f4 Qg4 26. Rf1 Qe2
27. Bd4 Qc4 28. Be5 Be8 29. Rg1 Bxg6 30. Rxg6 Rg8 31. Rxh6# {Normal} 1-0

[Event "Rated Blitz game"]
[Site "?"]
[Date "2021.01.31"]
[Round "?"]
[White "Neftegor"]
[Black "PawnTheSilentHero"]
[Result "1-0"]
[WhiteElo "2445"]
[BlackElo "2460"]
[PlyCount "49"]
[EventDate "2021.??.??"]
[EventType "blitz"]

1. e4 e5 2. Nf3 d5 3. exd5 e4 4. Qe2 Nf6 5. d3 Be7 6. dxe4 O-O 7. Nbd2 c6 8. c4
Re8 9. Qd3 Na6 10. Be2 cxd5 11. cxd5 Nc5 12. Qd4 Ncxe4 13. Nxe4 Nxe4 14. O-O
Bc5 15. Qd1 Nxf2 16. Rxf2 Qb6 17. Qf1 Bxf2+ 18. Qxf2 Rxe2 19. Qxb6 axb6 20. Kf1
Rc2 21. d6 Be6 22. Nd4 Bc4+ 23. Kg1 Rxc1+ 24. Rxc1 Bxa2 25. d7 {Normal} 1-0

[Event "Rated Blitz game"]
[Site "?"]
[Date "2021.01.31"]
[Round "?"]
[White "Neftegor"]
[Black "PawnTheSilentHero"]
[Result "0-1"]
[WhiteElo "2458"]
[BlackElo "2448"]
[PlyCount "106"]
[EventDate "2021.??.??"]
[EventType "blitz"]

1. e4 e5 2. Nf3 d5 3. exd5 e4 4. Qe2 Nf6 5. d3 Be7 6. dxe4 O-O 7. Nbd2 Re8 8.
Qc4 c6 9. dxc6 Nxc6 10. Ng5 Ne5 11. Qb5 h6 12. Qxe5 hxg5 13. f3 Bb4 14. Qxg5
Qa5 15. Qxa5 Bxa5 16. c3 Be6 17. Bc4 Bd7 18. Ke2 a6 19. Bd3 b5 20. Nb3 Bb6 21.
Be3 Bc7 22. Nc5 Bc8 23. Rad1 Rb8 24. b4 a5 25. a3 a4 26. c4 bxc4 27. Bxc4 Nh5
28. g3 Bxg3 29. hxg3 Nxg3+ 30. Kf2 Nxh1+ 31. Rxh1 Be6 32. Nxe6 fxe6 33. Rh5 Kf7
34. Ra5 Rbc8 35. Bc5 Red8 36. Ke3 Rd1 37. Rxa4 Rcd8 38. Kf4 Kf6 39. e5+ Kg6 40.
Ra6 Rf8+ 41. Ke4 Rfd8 42. Rxe6+ Kh5 43. Rd6 g5 44. Rxd8 Rxd8 45. e6 Rd1 46. e7
g4 47. fxg4+ Kh4 48. Ke5 Re1+ 49. Kf6 Kxg4 50. Kf7 Rf1+ 51. Ke8 Re1 52. Kd7 Kg3
53. e8=Q Rd1+ {Time forfeit} 0-1

[Event "Rated Blitz game"]
[Site "?"]
[Date "2021.01.31"]
[Round "?"]
[White "Fraksov"]
[Black "PawnTheSilentHero"]
[Result "1-0"]
[WhiteElo "2428"]
[BlackElo "2457"]
[PlyCount "33"]
[EventDate "2021.??.??"]
[EventType "blitz"]

1. e4 e5 2. Nf3 d5 3. exd5 e4 4. Ne5 Qxd5 5. d4 exd3 6. Nxd3 Nc6 7. Nc3 Bb4 8.
Qe2+ Qe6 9. Nxb4 Nxb4 10. Be3 Nf6 11. Qb5+ Nc6 12. Bc4 Qg4 13. O-O O-O 14. h3
Qg6 15. Bd3 Bf5 16. Bxf5 Qxf5 17. Qxf5 {Normal} 1-0

[Event "Rated Blitz game"]
[Site "?"]
[Date "2021.01.31"]
[Round "?"]
[White "thengerevic"]
[Black "PawnTheSilentHero"]
[Result "0-1"]
[WhiteElo "2476"]
[BlackElo "2465"]
[PlyCount "118"]
[EventDate "2021.??.??"]
[EventType "blitz"]

1. e4 e5 2. Nf3 d5 3. exd5 Bd6 4. Bb5+ c6 5. dxc6 Nxc6 6. O-O Nge7 7. Re1 O-O
8. Nc3 Bg4 9. Be2 f5 10. d3 h6 11. h3 Bh5 12. a3 a6 13. b4 Qc7 14. Bb2 Rae8 15.
b5 Nd8 16. bxa6 bxa6 17. d4 e4 18. Ne5 Bxe2 19. Qxe2 Bxe5 20. dxe5 Qxe5 21.
Qxa6 Nf7 22. Rad1 Rb8 23. Ba1 Qf4 24. Qe6 Rb7 25. Ne2 Qc7 26. c4 Rb6 27. Qd7
Rc8 28. Nf4 Ng6 29. Nxg6 Rxg6 30. Qxc7 Rxc7 31. Rd4 Rgc6 32. Rc1 Nd6 33. c5
Rxc5 34. Rxc5 Rxc5 35. Rxd6 Rc1+ 36. Kh2 Rxa1 37. Ra6 Ra2 38. Kg3 g5 39. Rxh6
Rxa3+ 40. Kh2 Kg7 41. Rd6 Ra2 42. Kg1 Ra1+ 43. Kh2 Ra2 44. Kg3 f4+ 45. Kg4 Rxf2
46. Kxg5 e3 47. g4 e2 48. Re6 f3 49. Re7+ Kf8 50. Re4 Rf1 51. Kg6 e1=Q 52. Rxe1
Rxe1 53. g5 f2 54. h4 f1=Q 55. h5 Qh3 56. Kh6 Re6+ 57. g6 Qg4 58. Kh7 Qg5 59.
Kh8 Qh6# {Normal} 0-1

[Event "Rated Blitz game"]
[Site "?"]
[Date "2021.01.31"]
[Round "?"]
[White "Plattfuss"]
[Black "Jomajo"]
[Result "1/2-1/2"]
[WhiteElo "2422"]
[BlackElo "2579"]
[PlyCount "160"]
[EventDate "2021.??.??"]
[EventType "blitz"]

1. e4 e5 2. Nf3 d5 3. exd5 e4 4. Qe2 Qe7 5. Nd4 Nf6 6. Nc3 Qe5 7. Nb3 Nbd7 8.
d3 exd3 9. cxd3 Bb4 10. Bf4 Qxe2+ 11. Bxe2 Nxd5 12. Bd2 N7f6 13. O-O-O O-O 14.
Bf3 c6 15. Nxd5 Bxd2+ 16. Rxd2 cxd5 17. Re1 Be6 18. d4 Rac8+ 19. Rc2 Rxc2+ 20.
Kxc2 Rc8+ 21. Kd2 b6 22. Rc1 Rxc1 23. Nxc1 Kf8 24. Ke3 Ke7 25. Nd3 Kd6 26. Ne5
Ne8 27. Be2 f6 28. Nd3 Nc7 29. Nf4 Bf7 30. h4 g5 31. hxg5 fxg5 32. Nd3 Ne6 33.
g3 Be8 34. f4 gxf4+ 35. Nxf4 Ng5 36. Bd3 h6 37. a3 Bd7 38. b4 a5 39. Ng6 Nf7
40. Kf4 Nd8 41. Ne5 Ne6+ 42. Ke3 Be8 43. Bf5 Ng5 44. Kf4 axb4 45. axb4 Bh5 46.
Ng4 Nf7 47. Bh7 Nd8 48. Nxh6 Nc6 49. g4 Be8 50. Nf5+ Kd7 51. b5 Nd8 52. Ke5 Bf7
53. g5 Be6 54. g6 Bxf5 55. Kxf5 Ne6 56. Kf6 Nf4 57. g7 Nh5+ 58. Kf7 Nxg7 59.
Kxg7 Ke6 60. Bg8+ Ke7 61. Bxd5 Kd6 62. Bc6 Kc7 63. Kf6 Kd6 64. Kf5 Ke7 65. Ke5
Kf7 66. d5 Kg6 67. d6 Kg5 68. Kd5 Kg4 69. Be8 Kg3 70. Kc6 Kf2 71. Kxb6 Ke2 72.
Kc7 Kd2 73. d7 Kc2 74. d8=Q Kb3 75. b6 Kc4 76. b7 Kc5 77. b8=Q Kc4 78. Qb6 Kc3
79. Qa8 Kc2 80. Qaa5 Kc1 {Time forfeit} 1/2-1/2